[Event "WYCC U16 Girls 2013"]
[Site "Al-Ain UAE"]
[Date "2013.12.18"]
[Round "1.12"]
[White "Bulmaga, Elena"]
[Black "Wozniak, Mariola"]
[Result "0-1"]
[BlackTitle "WCM"]
[WhiteElo "1820"]
[BlackElo "2079"]
[WhiteFideId "13900072"]
[BlackFideId "1152050"]
[EventDate "2013.12.18"]

1. d4 d5 2. c4 dxc4 3. Nf3 Nf6 4. e3 a6 5. Bxc4 e6 6. a3 c5 7. Nc3 b5 8. Ba2 Bb7
9. O-O Nbd7 10. d5 exd5 11. Nxd5 c4 12. e4 Nxe4 13. Re1 Nc5 14. Ng5 Qxd5 15.
Qxd5 Bxd5 16. Nxe4 Nxe4 17. f3 Bc5+ 18. Be3 Bxe3+ 19. Rxe3 O-O-O 20. fxe4 Bb7
21. Rf1 f6 22. Bb1 Rhe8 23. Rff3 Re7 24. a4 Rd4 25. axb5 axb5 26. Re1 g6 27.
Rfe3 f5 28. e5 Rd2 29. R3e2 Rxe2 30. Rxe2 Kd7 31. Kf2 Ke6 32. Kg3 Rd7 33. Kf4
Rd4+ 34. Kg3 Rg4+ 35. Kh3 Be4 36. Bxe4 Rxe4 37. Rxe4 fxe4 38. Kg3 b4 0-1

[Event "WYCC U16 Girls 2013"]
[Site "Al-Ain UAE"]
[Date "2013.12.18"]
[Round "1.35"]
[White "Beinenson, Katsiaryna"]
[Black "Jacobsen, Caroline Beer"]
[Result "1-0"]
[WhiteTitle "WFM"]
[WhiteElo "1961"]
[BlackElo "1621"]
[WhiteFideId "13507044"]
[BlackFideId "1510649"]
[EventDate "2013.12.18"]

1. e4 e5 2. Nf3 Nc6 3. d4 exd4 4. Bc4 Bc5 5. c3 Nf6 6. e5 d5 7. Bb5 Ne4 8. Nxd4
Bd7 9. Bxc6 bxc6 10. O-O O-O 11. f3 Ng5 12. Nd2 Ne6 13. Nb3 Bb6 14. Kh1 Nxd4 15.
cxd4 Bf5 16. Be3 Re8 17. Rc1 Qd7 18. Qe2 a5 19. Nc5 Bxc5 20. Rxc5 Reb8 21. g4
Bg6 22. Rfc1 Rb6 23. R1c3 a4 24. Bc1 Bb1 25. Ra3 Qc8 26. Qd1 Qa6 27. Kg2 Rb5 28.
Rcc3 Rb4 29. b3 Qb6 30. Be3 Qa5 31. Qxb1 Qb5 32. Qd3 Qxd3 33. Rxd3 1-0

[Event "WYCC U16 Girls 2013"]
[Site "Al-Ain UAE"]
[Date "2013.12.19"]
[Round "2.12"]
[White "Haussernot, Cecile"]
[Black "Aay, Aisyah Anisa"]
[Result "1-0"]
[WhiteTitle "WFM"]
[BlackTitle "WFM"]
[WhiteElo "2062"]
[BlackElo "1900"]
[WhiteFideId "601632"]
[BlackFideId "7102895"]
[EventDate "2013.12.18"]

1. e4 c5 2. Nc3 e6 3. Nf3 d5 4. exd5 exd5 5. d4 Be6 6. Bb5+ Nc6 7. O-O Bd6 8.
Re1 Ne7 9. Be3 cxd4 10. Nxd4 O-O 11. Qd2 Qc7 12. h3 Ng6 13. Rad1 Nh4 14. Nxe6
fxe6 15. Bg5 Bf4 16. Bxf4 Rxf4 17. Rxe6 Qf7 18. Rxc6 Rf8 19. Nxd5 Rxf2 20. Nf6+
gxf6 21. Qxf2 bxc6 22. Bxc6 Qh5 23. Rd7 Qg5 24. Rd4 Ng6 25. h4 Qc1+ 26. Kh2 Qxb2
27. h5 Qb8+ 28. g3 Ne5 29. Bd5+ Kh8 30. Qf5 Qb5 31. Be4 Qe2+ 32. Kh3 1-0

[Event "WYCC U16 Girls 2013"]
[Site "Al-Ain UAE"]
[Date "2013.12.21"]
[Round "4.3"]
[White "Harazinska, Ewa"]
[Black "Nicolas Zapata, Irene"]
[Result "0-1"]
[BlackTitle "WIM"]
[WhiteElo "2050"]
[BlackElo "2237"]
[WhiteFideId "1118374"]
[BlackFideId "22247270"]
[EventDate "2013.12.18"]

1. d4 Nf6 2. c4 e6 3. Nc3 Bb4 4. Qc2 O-O 5. a3 Bxc3+ 6. Qxc3 d5 7. Nf3 dxc4 8.
Qxc4 b6 9. Bg5 Ba6 10. Qa4 h6 11. Bh4 c5 12. Rd1 Qe7 13. dxc5 bxc5 14. Bxf6 Qxf6
15. Qe4 Rc8 16. Ne5 Nc6 17. Nxc6 Bb7 18. Qe5 Rxc6 19. Qxf6 gxf6 20. e3 Rb6 21.
Rd2 Bd5 22. Bd3 Rab8 23. e4 Bc6 24. Ke2 c4 25. Bxc4 Rxb2 26. Rd1 Bxe4 27. Ke3
Rxd2 28. Rxd2 Bxg2 29. f3 Bh3 30. Rd7 Rc8 31. Ba2 Rc3+ 32. Rd3 Rc2 33. Bb3 Rxh2
34. Rd8+ Kg7 35. Ra8 Rb2 36. Bd1 Rb7 37. a4 f5 38. Be2 e5 39. a5 Kf6 40. a6 f4+
41. Kf2 Rc7 42. Rh8 Kg7 43. Re8 Be6 44. Rb8 Bc8 45. Ra8 h5 0-1

[Event "WYCC U16 Girls 2013"]
[Site "Al-Ain UAE"]
[Date "2013.12.22"]
[Round "6.1"]
[White "Gu, Tianlu"]
[Black "Nicolas Zapata, Irene"]
[Result "1-0"]
[BlackTitle "WIM"]
[WhiteElo "2128"]
[BlackElo "2237"]
[WhiteFideId "8603995"]
[BlackFideId "22247270"]
[EventDate "2013.12.18"]

1. d4 Nf6 2. c4 e6 3. Nc3 Bb4 4. e3 O-O 5. Ne2 c6 6. a3 Ba5 7. b4 Bc7 8. d5 d6
9. g3 cxd5 10. cxd5 e5 11. Bg2 a5 12. b5 Nbd7 13. O-O Nc5 14. Na4 Nxa4 15. Qxa4
Nd7 16. e4 Nc5 17. Qc4 f5 18. exf5 Bxf5 19. Be3 Bd3 20. Qa2 Bb6 21. Rfd1 Bxe2
22. Qxe2 Nb3 23. Rab1 Nd4 24. Qh5 Rf5 25. Qg4 h5 26. Qe4 Qf6 27. Kh1 Bc5 28. f4
Qf8 29. Bh3 Rf6 30. fxe5 dxe5 31. Rf1 Re8 32. Rxf6 Qxf6 33. Rf1 Qd6 34. Bxd4
Bxd4 35. Qf3 Qg6 36. Bd7 e4 37. Bxe8 Qxe8 38. Qf5 Qxb5 39. Qf7+ Kh7 40. Qxh5+
Kg8 41. Qf7+ Kh7 42. Qf5+ Kg8 43. d6 Qc6 44. d7 e3+ 45. Rf3 Qc7 46. Qf7+ Kh7 47.
Qh5+ Kg8 48. Qe8+ Kh7 49. Kg2 Qc2+ 50. Kh3 e2 51. Qh5+ 1-0

[Event "WYCC U16 Girls 2013"]
[Site "Al-Ain UAE"]
[Date "2013.12.22"]
[Round "6.50"]
[White "Jacobsen, Caroline Beer"]
[Black "Methmani, Nelunika"]
[Result "0-1"]
[BlackTitle "WIM"]
[WhiteElo "1621"]
[BlackElo "1672"]
[WhiteFideId "1510649"]
[BlackFideId "9910050"]
[EventDate "2013.12.18"]

1. e4 c5 2. Nc3 Nc6 3. f4 g6 4. Nf3 Bg7 5. Bb5 Nd4 6. O-O Nxb5 7. Nxb5 d6 8. Nc3
e6 9. d4 cxd4 10. Nxd4 Qb6 11. Ne2 Ne7 12. Rf3 a6 13. Rb3 Qc7 14. Qd3 O-O 15. c4
Rd8 16. Be3 Bd7 17. Nf3 b5 18. Rc1 Qb8 19. c5 d5 20. e5 a5 21. a3 a4 22. Rbc3
Nc6 23. Ned4 b4 24. Nxc6 Bxc6 25. R3c2 Bf8 26. Qd1 Ra6 27. Qe1 b3 28. Rc3 Rd7
29. g4 Be7 30. g5 Bd8 31. Qh4 h5 32. Nd4 Ba5 33. Nxc6 Rxc6 34. Rd3 Qb5 35. Rdd1
Qe2 36. Qf2 Qg4+ 37. Qg2 Qf5 38. Rd4 Ra7 39. Rxa4 Bd2 40. Bxd2 Rxa4 41. Qf3 Rd4
42. Qc3 Rd3 43. Qb4 Qg4+ 44. Kh1 Qf3+ 45. Kg1 Qe2 46. Bc3 Qe3+ 47. Kg2 Qxc1 48.
Qb5 Qc2+ 49. Kf1 Rd1+ 50. Be1 Qe4 0-1

[Event "WYCC U16 Girls 2013"]
[Site "Al-Ain UAE"]
[Date "2013.12.23"]
[Round "7.10"]
[White "Wozniak, Mariola"]
[Black "Fiadosenka, Rahneda"]
[Result "1-0"]
[WhiteTitle "WCM"]
[WhiteElo "2079"]
[BlackElo "1845"]
[WhiteFideId "1152050"]
[BlackFideId "13503740"]
[EventDate "2013.12.18"]

1. e4 c5 2. Nf3 Nc6 3. d4 cxd4 4. Nxd4 Nf6 5. Nc3 e5 6. Ndb5 d6 7. Bg5 a6 8. Na3
Be6 9. g3 Be7 10. Bxf6 Bxf6 11. Nc4 Nd4 12. Ne3 Rc8 13. Bg2 Bg5 14. O-O O-O 15.
f4 Bh6 16. Rf2 f5 17. exf5 Nxf5 18. Ng4 exf4 19. Bd5 Bxd5 20. Qxd5+ Kh8 21. Nxh6
Nxh6 22. Raf1 Qb6 23. Qb3 Qa7 24. Kh1 g5 25. Ne4 Ng4 26. Rf3 Rfe8 27. Qf7 Rxe4
28. Qf5 Rce8 29. Qxg4 Qc5 30. gxf4 Qxc2 31. Qxg5 Qxb2 32. Rg1 Re1 33. Rg3 Rxg1+
34. Rxg1 Qd4 35. h3 Qe4+ 36. Rg2 Qe1+ 37. Kh2 Qe7 38. Qg3 Qf7 39. Qc3+ Re5 40.
fxe5 Qf4+ 41. Kg1 1-0

[Event "WYCC U16 Girls 2013"]
[Site "Al-Ain UAE"]
[Date "2013.12.24"]
[Round "8.1"]
[White "Gu, Tianlu"]
[Black "Mahalakshmi, M"]
[Result "0-1"]
[BlackTitle "WFM"]
[WhiteElo "2128"]
[BlackElo "2110"]
[WhiteFideId "8603995"]
[BlackFideId "5001080"]
[EventDate "2013.12.18"]

1. d4 Nf6 2. c4 e6 3. Nc3 Bb4 4. e3 d5 5. Bd3 O-O 6. Ne2 b6 7. a3 Bd6 8. e4 dxe4
9. Nxe4 Bb7 10. Nxd6 Qxd6 11. Bf4 Qe7 12. Qc2 c5 13. O-O-O Rc8 14. Rhe1 b5 15.
Bg5 h6 16. Bxf6 Qxf6 17. d5 exd5 18. cxd5 b4 19. Bf5 Rd8 20. a4 Nd7 21. Ng3 Nb6
22. Kb1 Bxd5 23. a5 b3 24. Qxc5 Nc4 25. Rd4 g6 26. Rxc4 Bxc4 27. Qxc4 gxf5 28.
Qf4 Rd5 29. Nh5 Qg6 30. Ng3 Rad8 31. Rc1 Rxa5 32. Ne2 Ra1+ 0-1

[Event "WYCC U16 Girls 2013"]
[Site "Al-Ain UAE"]
[Date "2013.12.26"]
[Round "9.50"]
[White "Methmani, Nelunika"]
[Black "Karania, Saloni"]
[Result "1-0"]
[WhiteTitle "WIM"]
[WhiteElo "1672"]
[BlackElo "1210"]
[WhiteFideId "9910050"]
[BlackFideId "10800875"]
[EventDate "2013.12.18"]

1. d4 b6 2. c4 Bb7 3. Nc3 e6 4. e4 Bb4 5. Bd3 Nf6 6. Qc2 Nc6 7. Ne2 Ne7 8. O-O
Bxc3 9. Nxc3 d5 10. cxd5 exd5 11. e5 Nd7 12. Re1 Nb8 13. e6 fxe6 14. Rxe6 Nc6
15. Bb5 a6 16. Bxc6+ Bxc6 17. Bg5 Kd7 18. Rxe7+ Kc8 19. Rxg7 Qf8 20. Rxh7 Kb7
21. Rxh8 Qxh8 22. Ne2 Qh5 23. Rc1 Qf7 24. Qxc6+ Kb8 25. Bf4 Ra7 26. Qxb6+ Ka8
27. Rxc7 Rxc7 28. Bxc7 Qxc7 29. Qxc7 a5 30. Nc3 a4 31. Nb5 a3 32. Qa7# 1-0

[Event "WYCC U16 Girls 2013"]
[Site "Al-Ain UAE"]
[Date "2013.12.27"]
[Round "10.8"]
[White "Choladze, Mariam"]
[Black "Ivanova, Simoneta"]
[Result "1-0"]
[WhiteElo "1900"]
[BlackElo "2049"]
[WhiteFideId "13600931"]
[BlackFideId "2900548"]
[EventDate "2013.12.18"]

1. e4 e5 2. Nf3 Nc6 3. Bb5 a6 4. Ba4 Nge7 5. c3 g6 6. d4 exd4 7. cxd4 b5 8. Bb3
Bg7 9. O-O Na5 10. Nc3 Nxb3 11. axb3 Bb7 12. d5 d6 13. Be3 O-O 14. Bd4 f6 15.
Be3 b4 16. Ne2 Qd7 17. Nfd4 c5 18. Ne6 Rf7 19. Nxg7 Kxg7 20. Nf4 Kg8 21. Ne6 f5
22. f3 Re8 23. Qe1 Bxd5 24. Ng5 Rg7 25. exd5 Nxd5 26. Qd2 Nxe3 27. Rfe1 Rge7 28.
Rxa6 d5 29. Rea1 d4 30. h4 d3 31. Nh3 Qd4 32. Nf2 Nc2 33. Rf1 Re3 34. h5 gxh5
35. Rh6 Qf4 36. Rxh5 Nd4 37. Nxd3 Qg3 38. Nxc5 Nxf3+ 39. Rxf3 Re1+ 40. Rf1 Kh8
41. Qd4+ Kg8 42. Rxf5 Rxf1+ 43. Rxf1 Qe3+ 44. Qxe3 Rxe3 45. Kf2 Re5 46. Rc1 Rd5
47. Ke3 Rg5 48. Rc2 Kf7 49. Ne4 Rg4 50. g3 h5 51. Rc4 h4 52. Nd6+ 1-0

[Event "WYCC U16 Girls 2013"]
[Site "Al-Ain UAE"]
[Date "2013.12.27"]
[Round "10.25"]
[White "Imanly, Magrura"]
[Black "Machlik, Monika"]
[Result "1-0"]
[WhiteElo "1786"]
[BlackElo "1936"]
[WhiteFideId "13403621"]
[BlackFideId "1513621"]
[EventDate "2013.12.18"]

1. e4 Nf6 2. e5 Nd5 3. c4 Nb6 4. d4 d6 5. f4 dxe5 6. fxe5 c5 7. d5 e6 8. d6 Qh4+
9. Kd2 Qd4+ 10. Kc2 Qxe5 11. Nc3 Bd7 12. Bd3 Qxd6 13. Nf3 Nc6 14. a3 Be7 15. g3
O-O-O 16. Nb5 Qb8 17. Re1 e5 18. Nxe5 Nxe5 19. Rxe5 Be6 20. Bf4 Nxc4 21. Rxe6
fxe6 22. Qg4 Ne3+ 23. Bxe3 Rd7 24. Qxe6 b6 25. Bf5 Qb7 26. Qxe7 Qg2+ 27. Kc3 Rd8
28. Rd1 1-0

[Event "WYCC U16 Girls 2013"]
[Site "Al-Ain UAE"]
[Date "2013.12.27"]
[Round "10.30"]
[White "Rojikova, Lenka"]
[Black "Baldi, Valentine"]
[Result "0-1"]
[WhiteElo "1943"]
[BlackElo "1877"]
[WhiteFideId "358576"]
[BlackFideId "602817"]
[EventDate "2013.12.18"]

1. e4 d5 2. exd5 Qxd5 3. Nc3 Qa5 4. d4 c6 5. Bc4 Nf6 6. Ne2 Bf5 7. f3 h6 8. Bd2
Qd8 9. g4 Bh7 10. Bb3 e6 11. Bf4 Bd6 12. Qd2 Qc7 13. O-O-O Nbd7 14. Rhe1 O-O-O
15. Bxd6 Qxd6 16. Ng3 Nd5 17. Nge4 Qc7 18. Qf2 N7f6 19. Nxd5 cxd5 20. Nxf6 Qf4+
21. Re3 gxf6 22. Qd2 Kb8 23. Rc3 Qd6 24. Re3 Bg6 25. Re2 Rdg8 26. Rg2 h5 27.
Rdg1 hxg4 28. fxg4 Be4 29. Rg3 Rg7 30. Qf2 Rgh7 31. Qxf6 Rxh2 32. Qxf7 Rf8 33.
Qg7 Qf4+ 0-1

[Event "WYCC U16 Girls 2013"]
[Site "Al-Ain UAE"]
[Date "2013.12.27"]
[Round "10.45"]
[White "Narzikulova, Gulhae"]
[Black "Bashaer, Khalil"]
[Result "1-0"]
[WhiteElo "1769"]
[BlackElo "1630"]
[WhiteFideId "14205408"]
[BlackFideId "9304843"]
[EventDate "2013.12.18"]

1. d4 d5 2. c4 e6 3. Nc3 Nf6 4. e3 c6 5. Bd3 Be7 6. Nf3 O-O 7. O-O Nbd7 8. Qc2
Re8 9. Ne5 Nf8 10. f4 dxc4 11. Bxc4 Qc7 12. Bd2 Rd8 13. Rac1 c5 14. Nb5 Qb6 15.
Be2 a6 16. Qa4 cxd4 17. Nxd4 Qxb2 18. Nc4 b5 19. Nxb2 bxa4 20. Nxa4 Bb7 21. Ba5
Rd5 22. Bc7 Re8 23. Bf3 Ba3 24. Rb1 Rxd4 25. exd4 Bxf3 26. Rxf3 Rc8 27. Rxa3
Rxc7 28. Nc5 Nd5 29. Rxa6 Nxf4 30. Ra8 Ng6 31. Rb7 1-0

[Event "WYCC U16 Girls 2013"]
[Site "Al-Ain UAE"]
[Date "2013.12.27"]
[Round "10.54"]
[White "Karania, Saloni"]
[Black "Ait Abbas, Nesrine"]
[Result "1/2-1/2"]
[WhiteElo "1210"]
[BlackElo "1444"]
[WhiteFideId "10800875"]
[BlackFideId "7903979"]
[EventDate "2013.12.18"]

1. d4 Nf6 2. c4 e6 3. Nc3 Bb4 4. Qb3 Bxc3+ 5. Qxc3 d5 6. Nf3 Nbd7 7. Bf4 c5 8.
e3 b6 9. Ne5 Ne4 10. Qc2 Bb7 11. cxd5 exd5 12. Bb5 Nf6 13. Bg5 Bc8 14. Qf5 Kf8
15. Bxd7 Bxd7 16. Qf3 Be6 17. Rc1 c4 18. Qf4 Rc8 19. a3 h6 20. Bxf6 Qxf6 21.
Qxf6 gxf6 22. Nf3 Rg8 23. g3 Bf5 24. Nd2 b5 25. Nb1 a5 26. b3 cxb3 27. Rxc8+
Bxc8 28. Kd2 Bf5 29. Kc3 Ke7 30. Kxb3 Rc8 31. Nc3 Kd6 32. Rc1 Bg4 33. Kb2 Rc4
34. Nb1 Bf5 35. Rxc4 dxc4 36. Nd2 Bd3 37. Kc3 f5 38. Nf3 f6 39. Ne1 Be2 40. f3
Kd5 41. Kd2 Bf1 42. Nc2 1/2-1/2